000 00540nam a2200169Ia 4500
999 _c19803
_d19803
003 OSt
005 20201113093750.0
008 190216s9999||||xx |||||||||||||| ||und||
040 _coclc
082 _a891.2249
_bVAI/E
100 _aVaidya, C V
_96320
245 0 _aEpic India :
_bIndia as Described in the Mahabharataha and Ramayana /
_cC V Vaidya
260 _bCosmo Publications New Delhi,
_c1974.
_aNew delhi:
300 _a516p
650 _aIndian History
942 _cBK
_2ddc
_h891.2249
_iVAI/E
_k891.2249
_mVAI/E